000 00828nam0a22002651 4500
001 v19\rc\1653330
005 20250619003840.0
035 _a(NLR Aleph) 004764264
090 _a4597891
_c4597891
100 _a20061002d1882 |||y0rusy50 ca
101 0 _arus
102 _aRU
105 _aa z |||||
200 1 _aЛетние воспоминания семилетней девочки
_fСост. и изд. Д. Гоби
210 _aСанкт-Петербург
_cтип. и лит. С.В. Шепердсон
_d1882
215 _a[2], 22 с., 8 л. ил.
_cил.
_d24
700 1 _aГоби
_bД.
_4220
_4650
801 0 _aRU
_bNLR
_gpsbo
801 0 _aRU
_bRuMoRGB
_2psbo
801 1 _aRU
_bProSoft-M
_2rusmarc
852 _aNLR
_j18.160.1.68
899 _aRuMoRGB
_jU 272/1112
899 _aБАН
942 _cBOOK
980 _aNB